Teoría general del Estado /

Gespeichert in:
Bibliographische Detailangaben
1. Verfasser: Kelsen, Hans (autor)
Weitere Verfasser: Legaz y Lacambra, Luis (traducción) (traducción)
Format: Buch
Veröffentlicht: México : Editora Nacional, 1979, c1979
Schlagworte:
Tags: Tag hinzufügen
Keine Tags, Fügen Sie das erste Tag hinzu!

MARC

LEADER 00000nam^a2200000^a^4500
001 000206703
005 20250521000000.0
009 20260310103154.843
037 |a Acervo Xavier Clavigero 
082 |a 320. 012  |b KEL 
100 |a Kelsen, Hans  |e (autor) 
245 1 0 |a Teoría general del Estado /  |c H. Kelsen ; tr. por L. Legaz Lacambra. 
264 4 |a México :  |b Editora Nacional,  |c 1979, c1979 
300 |a XIX, 544 p. 
336 |a texto  |b txt  |2 rdacontenido 
337 |a sin mediación  |b n  |2 rdamedio 
338 |a volumen  |b nc  |2 rdasoporte 
500 |a Traducción de: Allgemeine staatslehre 
649 |a XX 
650 |a Estado, El -  |x Teoría -  |x Tema Principal 
650 |a Soberanía 
650 |a Democracia 
650 |a República 
650 |a Monarquía 
650 |a Sistema Político 
650 |a Centralización y Descentralización 
650 |a División Política y Administrativa 
650 |a Sociología Política 
650 |a Derecho Internacional 
650 |a Derecho Político 
650 |a Política -  |x Teoría 
700 |a Legaz y Lacambra, Luis  |e (traducción) 
910 |a Fondo General 
920 |a Impresos - Libros 
930 |a Colección General 
905 |a 101 
901 |a 027990  |b IT1  |c ACC  |i 027990  |u 20250521 
902 |a https://opac.biblio.iteso.mx/vufind/Record/000206703